00367nam a22001457a 450000500170000000800090001704100080002608200110003410000370004524500630008226000090014530000170015465000150017165000350018620210303144316.0Español aspa aTU 117 aDurán Coto, Jacqueline Natalia aInforme de práctica supervisada realizada en Katt Travel c2019 a20 páginas aCOSTA RICA aAGENCIAS DE VIAJES KATT TRAVEL